Sam Gaw

Uloženo v:
Podrobná bibliografie
Hlavní autor: Parker, Irene
Médium: Kniha
Jazyk:angličtina
Vydáno: Nashville, TN. Southern Publishing Association c1966
Témata:
Tagy: Přidat tag
Žádné tagy, Buďte první, kdo vytvoří štítek k tomuto záznamu!

MARC

LEADER 00000nam a22000005a 4500
003 CL-ChBUA
005 20120815095548.0
008 120529s1966 xxu||||| |||| 000 ||eng
040 |a CL-ChBUA  |c CL-ChBUA 
082 0 0 |a 266 
090 |c 29540  |d 29540 
100 1 |a Parker, Irene 
245 1 0 |a Sam Gaw 
260 |a Nashville, TN.  |b Southern Publishing Association  |c c1966 
300 |a 189 p.  |c 21 cm. 
504 |a índice, il. 
650 4 |a IGLESIA ADVENTISTA DEL SEPTIMO DIA - MISIONES 
650 4 |a IGLESIA ADVENTISTA DEL SEPTIMO DIA - PUBLICACIONES 
942 |c LIB 
952 |0 0  |1 0  |4 0  |7 0  |9 68996  |a UNACH  |b UNACH  |c 200  |d 2012-05-29  |i 48.838  |l 1  |o 266 / P 238  |p 70128  |r 2026-02-25 17:39:15  |s 2013-09-05  |u 68996  |w 2012-08-08  |y LIB  |k 266 / P 238 
999 |c 29540  |d 29540